| 000 | 00476nam a2200193Ia 4500 | ||
|---|---|---|---|
| 003 | OSt | ||
| 005 | 20230426151613.0 | ||
| 008 | 210423s2012 xx 000 0 und d | ||
| 020 | _a9780415444569 | ||
| 040 | _cAL | ||
| 041 | _aeng | ||
| 082 |
_a302.2 _223 _b THUD |
||
| 100 |
_aTHUSSU (Kishan),Ed. _993574 |
||
| 245 | _aInternational communication: a reader. | ||
| 260 |
_aNew York _bRoutledge _c2012 |
||
| 300 |
_axxiii,590 _bPB |
||
| 365 |
_b895 _cINR |
||
| 942 |
_2ddc _cBK |
||
| 999 |
_c161141 _d161141 |
||